000 00399nam a2200157Ia 4500
008 230917s9999||||xx |||||||||||||| ||und||
040 _e125851
_aMAIN
041 _aEnglish
082 _a006.76 D858B
100 _aDuckett, Jon
245 0 _aBeginnng web programming with HTML, XHTML and CSS
250 _a2nd ed.
260 _aNew Delhi
_bWiley India
_c2008
300 _a739p p.
942 _cBK
999 _c141860
_d141860